000
00252nam a2200109 a 4500
005
20140414093827.0
008
030526s19uu xx 00 eng d
050
_a
VHS 100
_b
R 01
245
_a
Emotional intelligence.
942
_c
AVM
999
_c
108477
_d
108477